MLB Top 5 NL Cy Young Voting 2000s - Statistics

General Stats
  • This quiz has been taken 24 times
  • The average score is 29 of 50
Answer Stats
Year Team Player % Correct
2000: 3 Braves Greg Maddux
100%
2000: 1 Diamondbacks Randy Johnson
100%
2001: 1 Diamondbacks Randy Johnson
100%
2002: 1 Diamondbacks Randy Johnson
100%
2004: 2 Diamondbacks Randy Johnson
100%
2001: 2 Diamondbacks Curt Schilling
88%
2002: 2 Diamondbacks Curt Schilling
88%
2008: 1 Giants Tim Lincecum
88%
2009: 1 Giants Tim Lincecum
88%
2000: 2 Braves Tom Glavine
88%
2002: 3 Braves John Smoltz
81%
2004: 1 Astros Roger Clemens
81%
2005: 3 Astros Roger Clemens
81%
2005: 1 Cardinals Chris Carpenter
75%
2006: 3 Cardinals Chris Carpenter
75%
2009: 2 Cardinals Chris Carpenter
75%
2009: 3 Cardinals Adam Wainwright
69%
2008: 5 Brewers CC Sabathia
69%
2001: 5 Astros Roy Oswalt
69%
2002: 4 Astros Roy Oswalt
69%
2004: 3 Astros Roy Oswalt
69%
2005: 4 Astros Roy Oswalt
69%
2006: 4 Astros Roy Oswalt
69%
2006: 1 Diamondbacks Brandon Webb
63%
2007: 2 Diamondbacks Brandon Webb
63%
2008: 2 Diamondbacks Brandon Webb
63%
2005: 2 Marlins Dontrelle Willis
63%
2002: 4 Dodgers Éric Gagné
63%
2003: 1 Dodgers Éric Gagné
63%
2007: 1 Padres Jake Peavy
56%
2003: 3 Cubs Mark Prior
56%
2004: 5 Cubs Carlos Zambrano
50%
2006: 5 Cubs Carlos Zambrano
50%
2007: 5 Cubs Carlos Zambrano
50%
2006: 2 Padres Trevor Hoffman
50%
2005: 5 Astros Andy Pettitte
44%
2008: 3 Mets Johan Santana
44%
2003: 2 Giants Jason Schmidt
38%
2001: 3 Cardinals Matt Morris
38%
2003: 4 Braves Russ Ortiz
31%
2007: 3 Dodgers Brad Penny
25%
2009: 4 Braves Javier Vázquez
25%
2007: 4 Reds Aaron Harang
19%
2008: 4 Phillies Brad Lidge
19%
2009: 5 Diamondbacks Dan Haren
19%
2000: 5 Cardinals Darryl Kile
19%
2001: 4 Cubs Jon Lieber
19%
2000: 4 Giants Robb Nen
19%
2004: 4 Giants Chad Cordero
6%
2005: 5 Nationals Chad Cordero
6%
No matching quizzes found
Score Distribution
Percent of People with Each Score
Percentile by Number Answered
Your Score History
You have not taken this quiz